Bhattikavyam Part I With A Mallinatha Commentary Edit By Bidyanidhi (Record no. 8416)

MARC details
000 -LEADER
fixed length control field 00397nam a2200133Ia 4500
008 - FIXED-LENGTH DATA ELEMENTS--GENERAL INFORMATION
fixed length control field 211109s9999||||xx |||||||||||||| ||und||
082 ## - DEWEY DECIMAL CLASSIFICATION NUMBER
Classification number 290
Item number BHA-B
100 ## - MAIN ENTRY--PERSONAL NAME
Personal name Bhatti,
245 #0 - TITLE STATEMENT
Title Bhattikavyam Part I With A Mallinatha Commentary Edit By Bidyanidhi
260 ## - PUBLICATION, DISTRIBUTION, ETC.
Name of publisher, distributor, etc. NATIONAL BOOKSTALL
Place of publication, distribution, etc. Kottayam
Date of publication, distribution, etc. 1925
630 ## - SUBJECT ADDED ENTRY--UNIFORM TITLE
General subdivision General Stack
650 ## - SUBJECT ADDED ENTRY--TOPICAL TERM
Topical term or geographic name entry element Religion
942 ## - ADDED ENTRY ELEMENTS (KOHA)
Koha item type BOOK
650 ## - SUBJECT ADDED ENTRY--TOPICAL TERM
Form subdivision Other religions
General subdivision Generalia
Holdings
Withdrawn status Lost status Damaged status Not for loan Home library Current library Date acquired Total Checkouts Full call number Barcode Shelving location Date last seen Price effective from Koha item type
        SB LIBRARY SB LIBRARY 09/11/2021   290 BHA-B 00008934 GENERAL STACK 09/11/2021 09/11/2021 BOOK

Powered by Koha